| 000 | 00792nam a2200241Ia 4500 | ||
|---|---|---|---|
| 003 | GCL | ||
| 008 | 140319s9999 xx 000 0 ara d | ||
| 040 |
_aGCL / _cGCL |
||
| 082 | 0 | 4 |
_a418.2 _bم ت |
| 100 | 1 | _aمنى حبيب | |
| 245 | 1 | 0 |
_aتدريس اللغة العربية فى المرحلة الابتدائية فى البلاد العربية / _cمنى حبيب |
| 700 | 1 | _aقاسم شعبان | |
| 260 |
_aبيروت : _bدار الكتاب اللبنانى ، _c1983 |
||
| 300 | _a246 ص | ||
| 490 | _a | ||
| 650 | 0 | 4 | _aطرق التدريس |
| 650 | 0 | 4 | _aالكتابة |
| 650 | 0 | 4 | _aاللغة العربية |
| 650 | 0 | 4 | _aالدول العربية |
| 650 | 0 | 4 | _aالكتب الدراسية |
| 650 | 0 | 4 | _aقواعد الاملاء والهجاء |
| 942 |
_2ddc _cBK |
||
| 999 |
_c29205 _d29205 |
||